The thorn in the flesh / (Record no. 489)

MARC details
000 -LEADER
fixed length control field 00595nam a22002177a 4500
001 - CONTROL NUMBER
control field 2773628
003 - CONTROL NUMBER IDENTIFIER
control field GBCCL
005 - DATE AND TIME OF LATEST TRANSACTION
control field 20241126110339.0
008 - FIXED-LENGTH DATA ELEMENTS--GENERAL INFORMATION
fixed length control field 810610|1981 ||| 000 0 eng
010 ## -
-- 80069797
020 ## - INTERNATIONAL STANDARD BOOK NUMBER
International Standard Book Number 0960546405 (pbk.) :
Terms of availability $4.95
040 ## - CATALOGING SOURCE
Original cataloging agency DLC
Transcribing agency DLC
Modifying agency DLC
082 ## - DEWEY DECIMAL CLASSIFICATION NUMBER
Classification number 227.3
Item number BER
100 1# - MAIN ENTRY--PERSONAL NAME
Personal name Berg, Mel
245 14 - TITLE STATEMENT
Title The thorn in the flesh /
Statement of responsibility, etc. Mel Berg.
260 ## - PUBLICATION, DISTRIBUTION, ETC.
Place of publication, distribution, etc. Denver, Colo. :
Name of publisher, distributor, etc. Alpha and Omega Books,
Date of publication, distribution, etc. c1981.
300 ## - PHYSICAL DESCRIPTION
Extent 217 p. : ill. ; 21 cm.
650 ## - SUBJECT ADDED ENTRY--TOPICAL TERM
Source of heading or term 2 CORINTHIANS
906 ## - LOCAL DATA ELEMENT F, LDF (RLIN)
a 7
b cbc
c orignew
d 4
e opcn
f 19
g y-gencatlg
942 ## - ADDED ENTRY ELEMENTS (KOHA)
Source of classification or shelving scheme Dewey Decimal Classification
Koha item type Books
Koha issues (borrowed), all copies 2
Holdings
Withdrawn status Lost status Source of classification or shelving scheme Damaged status Not for loan Home library Current Library Shelving location Date acquired Total checkouts Full call number Barcode Date last seen Date last checked out Copy number Price effective from Koha item type
    Dewey Decimal Classification     GRACE BIBLE COLLEGE GRACE BIBLE COLLEGE Biblical Studies 2016-11-03 2 227.3 BER 003232 2025-05-01 2022-09-13 c.1 2016-11-03 Books
© Grace Bible College Library 2025